Reality TV Show Quiz - Statistics

General Stats
  • This quiz has been taken 400 times
  • The average score is 5 of 15
Answer Stats
Hint Answer % Correct
Teams of two race around the world from a series of clues The Amazing Race
80%
Houseguests live in a house whilst competing and voting against each other Big Brother
74%
Bearded men run a family business that makes duck call equipment for hunters Duck Dynasty
70%
Antique collectors bid against each other for the contents of abandoned lockers Storage Wars
68%
Experts help a person overcome their extreme obsession of collecting worthless items Hoarders
67%
Unsuspecting passengers are quizzed for money in a taxi en route to their destination Cash Cab
46%
Chefs battle in timed challenges creating meals with mystery ingredients til one remains Chopped
39%
A disgruntled celebrity chef attempts to rescue restaurants from closure Kitchen Nightmares
31%
Cameras follow seven strangers who move in together The Real World
27%
Affulent women socialise in the suburbs of the Garden State The Real Housewives of New Jersey
18%
Entrepreneurs pitch their ideas to a panel of tough, self-made millionaires Dragon's Den
16%
Couples compete renovating and redesigning an apartment building The Block
4%
A group of people are abandoned to create a new post-catastrophe society The Colony
3%
Six men think they're on a dating show with a female, but she's a transsexual There's Something About Miriam
1%
A team of ghost specialists attempt to uncover supernatural behavior on camera Paranormal Invesitgators
0%
No matching quizzes found
Score Distribution
Percent of People with Each Score
Percentile by Number Answered
Your Score History
You have not taken this quiz